• ҳ
  • ݽ
  • ֪ͨ
  • ݲؼ
  • Դ
  • ߵ
  • οѯ
  • ҵͼ
  • ¼
  • ڿϸʾ
  • ֿʾ
  • ϶ʾ
  • ƪĿϢʾ

ڿϢ

  • 表格格式
  • 工作单格式
  • 卡片格式
索取号 
G43/KFJY
题名 
Žо
作者 
Žо༭
分册号 
分册名 
出版地 
Ϻ
出版者 
Žо༭
标准刊号 
1007-2179
出版频率 
˫¿
中图法分类 
G43
主题词 
绯ѧ; 绯
电子资源 
000 00646nas0 2200229 45
001 0552754062
005 20070515084038.96
010    @d10
011    @a1007-2179@dCNY 15.00
091    @aCN31-1724/G4
092    @b4-578
100    @a20051129d km y0chiy0120 ea
101 0  @achi
200 1  @aŽо@AKai Fang Jiao Yu Yan Jiu@fŽо༭@FKai Fang Jiao Yu Yan Jiu Bian Ji Bu
210    @aϺ@cŽо༭
326    @a˫¿
606 0  @a绯ѧ
606 0  @a绯
690    @aG43@v4
711  0 @aŽо༭@AKai Fang Jiao Yu Yan Jiu Bian Ji Bu
801  0 @aCN@bPFT@c20070515
905    @aTJWY@dG43@eKFJY
    
    Žо/Žо༭.-ϺŽо༭
    
    
    
    10 ISSN 1007-2179CNY 15.00
    
●
相关链接: 在易读查询期刊 在中国知网中查询期刊 在万方数据查询期刊 在维普查询期刊
ɽʦѧԺͼ 欢迎您!
大连网信软件有限公司© 版权所有